000 00697nam a2200217 i 4500
001 85755
003 ES-MaACL
005 20250926063056.0
007 t|
008 041201s1924 fr ||||1| fre d
100 1 _aJung, Carl G.,
_d1875-1961
_967282
245 1 0 _aMétamorphoses et symboles de la libido /
_cCharles Gustave Jung ; traduit de l'allemand par L. De Vos ; introduction de Ives Le Lay.
260 _aParis : Montaigne, [1924?]
300 _aXXVI, 487 p. ;
_c25 cm.
650 0 7 _aPsicologĂ­a
_2embne
_916540
650 4 _aSubconsciente.
_917233
700 1 _aDe Vos, L.
_943083
700 1 _aLe lay, Ives.
_970895
852 _aES-MaACL
_jA-2476
999 _c85755
_d85755